000 00366pab a2200157 454500
008 180718b2014 xxu||||| |||| 00| 0 eng d
100 _aSharma, Arpita
245 _aGrowth of Indian telecom infrastructure
260 _c2014
300 _ap.21-24.
362 _aMar
650 _aTelecommunications
773 _aKurukshetra
908 _aN
909 _a103689
999 _c103685
_d103685